| 000 | 00591nam a2200193 i 4500 | ||
|---|---|---|---|
| 001 | 87775 | ||
| 003 | ES-MaACL | ||
| 007 | t| | ||
| 008 | 041223s1982 xxk ||||1| eng d | ||
| 020 | _a0-7201-1646-5 | ||
| 100 | 1 |
_aKurian, George Thomas. _969056 |
|
| 245 | 1 | 0 |
_aWorld press encyclopedia / _cedited by George Thomas Kurian ; indexed by Marjorie B. Bank and James Johnson. |
| 260 |
_aLondon : _bMansell, _c1982. |
||
| 300 |
_a2 v. ; _c29 cm. |
||
| 500 | _aIndices. | ||
| 700 | 1 |
_aBank, Marjorie B. _925203 |
|
| 700 | 1 |
_aJohnson, James. _966745 |
|
| 852 |
_aES-MaACL _jL-8089-90 _bR.108728 |
||
| 999 |
_c87775 _d87775 |
||